[Event "Oberbayern Bezirksliga 1617"]
[Site "Germany"]
[Date "2017.03.19"]
[Round "7.7"]
[White "Heimann, Helmut"]
[Black "Hoebart, Hans"]
[Result "0-1"]
[WhiteElo "1964"]
[BlackElo "1849"]
[PlyCount "112"]
[EventDate "2016.10.16"]
[EventType "team-tourn"]
[EventRounds "9"]
[EventCountry "GER"]
[SourceTitle "EXT 2019"]
[Source "ChessBase"]
[SourceDate "2018.10.10"]
[SourceVersion "1"]
[SourceVersionDate "2018.10.10"]
[SourceQuality "1"]
[WhiteTeam "Fuerstenfeldbruck"]
[BlackTeam "Wolfratshausen"]
[WhiteTeamCountry "GER"]
[BlackTeamCountry "GER"]

1. e4 e5 2. Nf3 Nc6 3. Bc4 Nf6 4. Ng5 d5 5. exd5 Na5 6. Bb5+ Bd7 7. Qe2 Bd6 8. Nc3 0-0 9. 0-0 Nxd5 10. Bxd7 Nxc3 11. dxc3 Qxd7 12. Qd3 g6 13. Ne4 Qe6 14. Bh6 Rfd8 15. Qf3 Nc6 16. Nf6+ Kh8 17. Be3 Qf5 18. Qxf5 gxf5 19. f4 e4 20. Nh5 Bf8 21. Rad1 b6 22. Ng3 Ne7 23. Kf2 Kg7 24. Bd4+ Kg6 25. Be5 Nd5 26. Ke2 f6 27. Bd4 Bd6 28. Be3 Nxe3 29. Kxe3 Bc5+ 30. Ke2 a5 31. c4 c6 32. a4 Be7 33. c3 Rxd1 34. Rxd1 Rd8 35. Rd4 Rxd4 36. cxd4 Bd6 37. Ke3 Bb4 38. h3 Bd6 39. Ne2 Bb4 40. Nc1 Kf7 41. Ne2 Ke6 42. Ng3 Be1 43. Nh5 Kf7 44. g4 Kg6 45. Ke2 Bh4 46. d5 cxd5 47. cxd5 fxg4 48. hxg4 f5 49. g5 h6 50. Nf6 hxg5 51. fxg5 Bxg5 52. Nd7 Bd8 53. Ke3 Bc7 54. Nf8+ Kf6 55. Ne6 Be5 56. b3 Ke7 0-1